Closest States: 2024 Election - Statistics

General Stats
  • This quiz has been taken 81 times
    70 since last reset
  • The average score is 9 of 10
Answer Stats
Who Won Difference Answer % Correct
Trump 2.0% Pennsylvania
95%
Trump 0.9% Wisconsin
94%
Trump 2.2% Georgia
90%
Trump 3.4% Nevada
90%
Trump 1.4% Michigan
87%
Harris 4.2% Minnesota
84%
Trump 3.4% North Carolina
83%
Harris 5.2% Virginia
83%
Harris 2.7% New Hampshire
79%
Harris 5.3% New Jersey
70%
No matching quizzes found
Score Distribution
Percent of People with Each Score
Percentile by Number Answered
Your Score History
You have not taken this quiz since the last reset